Funcin̤ pb︢lica de la Unin̤ Europea (Auto) regulacin̤ institucional. Las DGA de las instituciones europeas /

Bibliographic Details
Main Author: Garca̕-Hirschfeld, Mara̕ Casado
Format: eBook
Language:Spanish
Published: Madrid : Instituto Nacional de Administracin̤ Pb︢lica (INAP), 2014
Subjects:
Online Access:Acceso restringido

MARC

LEADER 00000nam a22000007a 4500
005 20150402144040.0
007 cr|||| ||||
008 150402s2014 sp |||||s|||| 00||0 spa d
020 |a 978-84-7351-313-5 
035 |a 12630 
040 |a vLex 
090 |c 5381  |d 5381 
100 1 |a Garca̕-Hirschfeld, Mara̕ Casado 
245 1 0 |a Funcin̤ pb︢lica de la Unin̤ Europea  |h [Recurso electrn̤ico] :  |b (Auto) regulacin̤ institucional. Las DGA de las instituciones europeas /  |c Mara̕ Casado Garca̕-Hirschfeld  
256 |a Servicio en ln̕ea 
260 |a Madrid :  |b Instituto Nacional de Administracin̤ Pb︢lica (INAP),  |c 2014 
300 |a 1 recurso electrn̤ico 
506 1 |a Contenido disponible en los productos indicados  |d vLex Global  |d vLex Global (Academic Edition, excluding Law Schools)  |d vLex Global (U.S. Academic Edition, Law Schools)  |d vLex Global (U.S. Academic Edition, excluding Law Schools)  |d vLex Global (Academic Edition, Law Schools) 
650 0 4 |a Administracin̤ pb︢lica  |z Mx̌ico 
740 0 |a vLex Libros (Servicio en ln̕ea) 
856 4 0 |u http://vlex.com/source/funcion-publica-union-europea-auto-regulacion-institucional-dga-instituciones-europeas-12630  |z Acceso restringido 
942 |c BOOK 
999 0 |a Public administration